School management (Record no. 24915)

MARC details
000 -LEADER
fixed length control field 00780nam a22002177a 4500
005 - DATE AND TIME OF LATEST TRANSACTION
control field 20090305104415.0
008 - FIXED-LENGTH DATA ELEMENTS--GENERAL INFORMATION
fixed length control field 090304t xxu||||| |||| 00| 0 eng d
010 ## - LCCN (DPL NO)
LC control number B-317549
020 ## - INTERNATIONAL STANDARD BOOK NUMBER
Terms of availability 225.00
International Standard Book Number 9788183187909
035 ## - SYSTEM CONTROL NUMBER
System control number B-317549
040 ## - CATALOGING SOURCE
Original cataloging agency DPL
Language of cataloging English
082 ## - DEWEY DECIMAL CLASSIFICATION NUMBER
Classification number 371.2
100 ## - MAIN ENTRY--PERSONAL NAME
Personal name Usmani, B.D.
245 ## - TITLE STATEMENT
Title School management
Statement of responsibility, etc by B.D.Usmani
260 ## - PUBLICATION, DISTRIBUTION, ETC. (IMPRINT)
Place of publication, distribution, etc Mumbai
Name of publisher, distributor, etc Himalaya Publishing House
Date of publication, distribution, etc 2007
270 ## - ADDRESS
Address Ramdoot, Dr. Bhalerao Marg, Girgaon
City Mumbai
Postal code 400 004
300 ## - PHYSICAL DESCRIPTION
Extent 317p.
Dimensions 21 cm. (Pbk)
650 ## - SUBJECT ADDED ENTRY--TOPICAL TERM
Topical term following geographic name as entry element Education
942 ## - ADDED ENTRY ELEMENTS (KOHA)
Source of classification or shelving scheme Dewey Decimal Classification
Item type English Books
Classification part 371.2
Call number suffix USM
Holdings
Withdrawn status Lost status Source of classification or shelving scheme Damaged status Not for loan Collection code Home library Current library Date acquired Source of acquisition Cost, normal purchase price Total Checkouts Total Renewals Full call number Barcode Date last seen Copy number Cost, replacement price Koha item type
    Dewey Decimal Classification     Non-fiction Vinoba Puri Vinoba Puri 05/03/2009 DBAct 225.00 4 1 371.2 USM B-317549 01/06/2020 1 225.00 English Books

© Delhi Public Library
Hit Counter
free hit counter